Щоденний хліб для дітей (Запис № 17312)

000 -Маркер запису
Контрольне поле сталої довжини 01038nam a22002297a 4500
003 - Належність контрольного номера
Контрольне поле Uzh_bibl
008 - Кодовані дані
Контрольне поле сталої довжини 260413b |||||||| |||| 00| 0 ukr d
020 ## - Індекс ISBN
ISBN 90-803221-1-3
Ціна 4.00
040 ## - Джерело каталогіз.
Код мови каталог. укр.
041 ## - Код мови видання
Код мови оригіналу голландська (нідерландська), фламандська
Код мови тексту українська
080 ## - Індекс УДК
Індекс УДК 2
090 ## - Шифри
Поличний індекс 2
Авторський знак Щ 92
100 ## - Автор
Автор -
245 ## - Назва
Назва Щоденний хліб для дітей
Відповідальність Тлумачення: Н.Д.Лужіна
Фізичний носій Текст
260 ## - Вихідні дані
Місце видання 1996
Видавництво Dorcas Aid International
Дата видання Andijk/Diest
300 ## - Фізичний опис
Обсяг 432 c.
Ілл./тип відтвор. іл.
Тип одиниці В опр.
520 ## - Анотація
Анотація Кожного дня є завдання читання Біблії,, коротке пояснення і застосування, молитва та вірш для вивчення напам'ять. Ця книга написана для різних культур і не обмежкються однією деномінацією.
521 ## - Примітка про цільове призначення
Примітка про цільове призначення Для дітей віком від 8 до 12 років
546 ## - Примітка про мову
Примітка про мову укр.
655 ## - Термін індексування — жанр/форма
Жанр/форма Біблійна щоденна читанка
942 ## - ADDED ENTRY ELEMENTS (KOHA)
Джерело класифікації чи схема поличного розташування
Koha item type Книги
Фонди
Статус вилучення Статус втрати/відсутності Джерело класифікації чи схема поличного розташування Статус пошкодження Тип обігу (не для випозичання) Постійне розташування Поточне розташування Розташування у відділі Дата надходження Інвентарний номер Total Checkouts Повний (примірниковий) шифр зберігання Штрих-код Date last seen Дата, для якої чинна ціна заміни Тип одиниці (рівень примірника)
          Бібліотека-філія №2 Бібліотека-філія №2 Абонемент молодший відділ 13/04/2026 48552   2 19721 13/04/2026 13/04/2026 Книги

Працює на АБІС Коха